Johns Hopkins symptoms and remedies : (Record no. 9006)

MARC details
000 -LEADER
fixed length control field 00564nam a22001817a 4500
003 - CONTROL NUMBER IDENTIFIER
control field OSt
005 - DATE AND TIME OF LATEST TRANSACTION
control field 20260312032726.0
008 - FIXED-LENGTH DATA ELEMENTS--GENERAL INFORMATION
fixed length control field 260312b |||||||| |||| 00| 0 eng d
020 ## - INTERNATIONAL STANDARD BOOK NUMBER
International Standard Book Number 1-933087-16-1
040 ## - CATALOGING SOURCE
Original cataloging agency DWC-Main lib.
Transcribing agency OC
082 ## - DEWEY DECIMAL CLASSIFICATION NUMBER
Classification number GR. 616.07 J65 2005
100 ## - MAIN ENTRY--PERSONAL NAME
Personal name Simeon Margolis
245 ## - TITLE STATEMENT
Title Johns Hopkins symptoms and remedies :
Remainder of title the complete home medical reference/
Statement of responsibility, etc. Margolis, Simeon
260 ## - PUBLICATION, DISTRIBUTION, ETC.
Place of publication, distribution, etc. s.n. :
Name of publisher, distributor, etc. Grolier,
Date of publication, distribution, etc. c2005
300 ## - PHYSICAL DESCRIPTION
Extent 736 p. :
Other physical details colored illustrations ;
Dimensions 26 cm.
504 ## - BIBLIOGRAPHY, ETC. NOTE
Bibliography, etc. note Includes index.
942 ## - ADDED ENTRY ELEMENTS (KOHA)
Source of classification or shelving scheme Dewey Decimal Classification
Koha item type General Reference
Classification part GR.
Suppress in OPAC No
952 ## - LOCATION AND ITEM INFORMATION (KOHA)
--
Holdings
Withdrawn status Lost status Source of classification or shelving scheme Damaged status Not for loan Home library Current library Shelving location Date acquired Source of acquisition Total Checkouts Full call number Barcode Date last seen Copy number Price effective from Koha item type Uniform Resource Identifier
    Dewey Decimal Classification     HM & Nursing Library HM & Nursing Library General Reference 03/01/2006 School Fund   GR. 616.07 J65 2005 CL42865 03/12/2026 c1 03/12/2026 GR